[Event "NED-ch U17"]
[Site "Haarlem"]
[Date "2011.05.02"]
[Round "3"]
[White "Vos, Tjark"]
[Black "Knottnerus, Ivo"]
[Result "0-1"]
[WhiteElo "1961"]
[BlackElo "1876"]
[PlyCount "58"]
[EventDate "2011.04.30"]
[EventType "swiss"]
[EventRounds "9"]
[EventCountry "NED"]
[SourceTitle "EXT 2012"]
[Source "ChessBase"]
[SourceDate "2011.11.24"]
[SourceVersion "1"]
[SourceVersionDate "2011.11.24"]
[SourceQuality "1"]

1. e4 c6 2. d4 d5 3. e5 Bf5 4. h4 h5 5. c4 dxc4 6. Bxc4 e6 7. Bg5 Ne7 8. Nc3 Qc7 9. Rc1 a6 10. Qd2 Nd7 11. Nge2 0-0-0 12. Ng3 Nxe5 13. Nxf5 Nxc4 14. Qe2 Nb6 15. Bxe7 Bxe7 16. Nxg7 Qf4 17. 0-0 Qf6 18. Ne4 Qxg7 19. Rxc6+ bxc6 20. Qxa6+ Kd7 21. Qb7+ Ke8 22. Qxb6 Qxd4 23. Qxc6+ Kf8 24. a4 Qd5 25. Qc3 Rg8 26. Re1 Qd4 27. Qc1 Rg6 28. Qf4 Qxa4 29. Qf3 Qa5 0-1

[Event "NED-ch U17"]
[Site "Haarlem"]
[Date "2011.04.30"]
[Round "1"]
[White "Knottnerus, Ivo"]
[Black "Bijlsma, Nick"]
[Result "0-1"]
[WhiteElo "1876"]
[BlackElo "2190"]
[PlyCount "98"]
[EventDate "2011.04.30"]
[EventType "swiss"]
[EventRounds "9"]
[EventCountry "NED"]
[SourceTitle "EXT 2012"]
[Source "ChessBase"]
[SourceDate "2011.11.24"]
[SourceVersion "1"]
[SourceVersionDate "2011.11.24"]
[SourceQuality "1"]

1. e4 c5 2. Nf3 d6 3. d4 cxd4 4. Nxd4 Nf6 5. Nc3 Nc6 6. Bg5 Bd7 7. Qd2 Rc8 8. f4 Nxd4 9. Qxd4 Qa5 10. Bxf6 gxf6 11. Bc4 Qc5 12. Qxc5 Rxc5 13. Bd3 f5 14. exf5 Bxf5 15. Bxf5 Rxf5 16. Ne2 Bg7 17. c3 Kd7 18. a4 Rc8 19. Kd2 Bh6 20. g3 e5 21. Rhf1 Rg8 22. Ke3 Rg6 23. Ke4 Rh5 24. f5 Rg4+ 25. Kf3 Rg7 26. Kg2 Rh4 27. h3 Re4 28. Kf3 Re3+ 29. Kf2 d5 30. Rad1 Kc6 31. g4 Rxh3 32. Rh1 Rxh1 33. Rxh1 Bg5 34. Ng3 h6 35. Nh5 Rg8 36. Ke2 e4 37. c4 d4 38. Nf6 Bxf6 39. Rxh6 Kd6 40. Rxf6+ Ke7 41. Rh6 Rxg4 42. b4 Rg2+ 43. Kf1 Rg5 44. f6+ Ke6 45. b5 b6 46. Rh4 Re5 47. Rf4 Kd6 48. Ke1 Kc5 49. Rh4 Re6 0-1

[Event "Enschede op-C U14"]
[Site "Enschede"]
[Date "2009.08.05"]
[Round "5"]
[White "Maris, Ivo"]
[Black "Knottnerus, Ivo"]
[Result "1/2-1/2"]
[WhiteElo "1884"]
[BlackElo "1722"]
[PlyCount "36"]
[EventDate "2009.08.03"]
[EventType "swiss"]
[EventRounds "7"]
[EventCountry "NED"]
[SourceTitle "CBM 132 Extra"]
[Source "ChessBase"]
[SourceDate "2009.11.03"]
[SourceVersion "1"]
[SourceVersionDate "2009.11.03"]
[SourceQuality "1"]

1. e4 c6 2. d4 d5 3. Nc3 dxe4 4. Nxe4 Bf5 5. Ng3 Bg6 6. Nf3 Nd7 7. h4 h6 8. Bc4 e6 9. Qe2 Ngf6 10. Ne5 Nxe5 11. dxe5 Nd5 12. c3 Qc7 13. Bd2 Be7 14. f4 0-0-0 15. 0-0-0 Qb6 16. Bb3 Bc5 17. h5 Bh7 18. Ne4 Bxe4 1/2-1/2

[Event "Enschede op-C U14"]
[Site "Enschede"]
[Date "2009.08.03"]
[Round "1"]
[White "Knottnerus, Ivo"]
[Black "Klopstra, Frederieke"]
[Result "1-0"]
[WhiteElo "1722"]
[BlackElo "1254"]
[PlyCount "79"]
[EventDate "2009.08.03"]
[EventType "swiss"]
[EventRounds "7"]
[EventCountry "NED"]
[SourceTitle "CBM 132 Extra"]
[Source "ChessBase"]
[SourceDate "2009.11.03"]
[SourceVersion "1"]
[SourceVersionDate "2009.11.03"]
[SourceQuality "1"]

1. e4 e5 2. Nf3 Nc6 3. d4 exd4 4. Nxd4 Bc5 5. Be3 Qf6 6. c3 Nge7 7. Bc4 0-0 8. 0-0 Ne5 9. Be2 d5 10. f4 Nd7 11. e5 Qb6 12. b4 Bxd4 13. Bxd4 c5 14. bxc5 Nxc5 15. Nd2 Qc6 16. Rb1 a6 17. Bg4 b5 18. Bxc8 Raxc8 19. Qg4 Ne6 20. f5 Nxd4 21. cxd4 Qh6 22. Nb3 Rc2 23. a4 bxa4 24. Nc5 Qe3+ 25. Kh1 a3 26. Nd7 Rfc8 27. Nf6+ Kh8 28. Nh5 Qh6 29. f6 Ng6 30. fxg7+ Kg8 31. Qf3 R2c7 32. Nf6+ Kxg7 33. Qxa3 Qd2 34. Nxd5 Rc2 35. Qf3 Rc1 36. Qxf7+ Kh6 37. Nf6 Nf8 38. Ng8+ Kg5 39. Qf5+ Kh4 40. g3# 1-0

[Event "Twente Young Master op-D"]
[Site "Twente"]
[Date "2007.08.10"]
[Round "10"]
[White "Nicolai, Celine"]
[Black "Knottnerus, Ivo"]
[Result "0-1"]
[WhiteElo "1281"]
[BlackElo "1388"]
[PlyCount "50"]
[EventDate "2007.08.06"]
[EventType "swiss"]
[EventRounds "13"]
[EventCountry "NED"]
[SourceTitle "EXT 2008"]
[Source "ChessBase"]
[SourceDate "2007.11.25"]
[SourceVersion "1"]
[SourceVersionDate "2007.11.25"]
[SourceQuality "1"]

1. e4 c5 2. Nc3 Nc6 3. Nf3 d6 4. Bc4 Bg4 5. Be2 Nf6 6. h3 Bh5 7. Ng5 Bxe2 8. Qxe2 h6 9. Nf3 e6 10. d3 Be7 11. Bd2 a6 12. a4 Qc7 13. 0-0 0-0-0 14. Na2 d5 15. e5 Nd7 16. Bf4 g5 17. Bh2 Rdg8 18. Rfe1 h5 19. Nd2 g4 20. hxg4 hxg4 21. Qe3 Bg5 22. Bf4 Bxf4 23. Qxf4 Ndxe5 24. Nc3 Nf3+ 25. Nxf3 Qxf4 0-1

[Event "NED-ch U13"]
[Site "Rijswijk"]
[Date "2007.05.18"]
[Round "5"]
[White "Gieben, Stijn"]
[Black "Knottnerus, Ivo"]
[Result "1/2-1/2"]
[WhiteElo "1418"]
[BlackElo "1295"]
[PlyCount "125"]
[EventDate "2007.05.17"]
[EventType "swiss"]
[EventRounds "9"]
[EventCountry "NED"]
[SourceTitle "EXT 2009"]
[Source "ChessBase"]
[SourceDate "2008.11.26"]
[SourceVersion "1"]
[SourceVersionDate "2008.11.26"]
[SourceQuality "1"]

1. e3 e5 2. d4 e4 3. c4 Nf6 4. Qc2 c6 5. Bd2 d5 6. Nc3 Be6 7. c5 b6 8. b4 Nbd7 9. Ba6 Qc7 10. a4 Nb8 11. Be2 Nbd7 12. f3 Bf5 13. f4 Be7 14. h3 h5 15. Nd1 h4 16. cxb6 axb6 17. b5 c5 18. Nb2 c4 19. Bd1 Nh5 20. Bxh5 Rxh5 21. Ne2 g5 22. Bc3 Nf6 23. Kf2 g4 24. Ke1 Qd7 25. hxg4 Bxg4 26. Nd1 h3 27. gxh3 Rxh3 28. Rxh3 Bxh3 29. Kd2 Ng4 30. Nb2 Nh2 31. Ng1 Nf1+ 32. Kc1 Bg4 33. Qf2 Bh3 34. Kc2 Nxe3+ 35. Qxe3 Bf5 36. Re1 Ba3 37. Ra1 Qd6 38. Ne2 Bb4 39. Ng3 Bd7 40. Rh1 Ke7 41. f5 Ba3 42. Qg5+ Qf6 43. Qxf6+ Kxf6 44. Rh6+ Ke7 45. Rxb6 Bxb2 46. Bxb2 Rxa4 47. f6+ Kd8 48. Rd6 Kc7 49. Rxd5 Rb4 50. Nxe4 Rxb5 51. Rxb5 Bxb5 52. Ng5 Be8 53. Kc3 Kd6 54. Kxc4 Kc7 55. Kc5 Kd8 56. Kd6 Bd7 57. Nxf7+ Ke8 58. Ng5 Bf5 59. d5 Bg6 60. Ke6 Kf8 61. Ba3+ Ke8 62. f7+ Bxf7+ 63. Nxf7 1/2-1/2